| 000 | 00436nam a2200181Ia 4500 | ||
|---|---|---|---|
| 005 | 20250423095758.0 | ||
| 008 | 250422s9999 xx 000 0 und d | ||
| 020 | _a9789353061265 | ||
| 050 | _aJZ 1242 .C43/ | ||
| 100 | _aChatterjee, Aneek | ||
| 245 | 0 | _aInternational relations today: concepts and applications | |
| 250 | _a2nd ed. | ||
| 260 | _aIndia | ||
| 260 | _bPearson | ||
| 260 | _c2018 | ||
| 300 | _a350 p | ||
| 942 | _cBK | ||
| 999 |
_c31306 _d31306 |
||